| 000 | 00359nam a2200133Ia 4500 | ||
|---|---|---|---|
| 008 | 150202s9999 xx 000 0 und d | ||
| 020 | _a380767732 | ||
| 050 |
_aFIC _bFIC |
||
| 100 | _aCrosby, Janya Anne. | ||
| 245 |
_aAngel of fire / _cJanya Anne Crosby. |
||
| 260 |
_aNew York : _bAvon Books, _c1992. |
||
| 300 |
_a374 pages : _c18 cm. |
||
| 650 | _aFiction. | ||
| 999 |
_c281965 _d281965 |
||